| 000 | 01445nam0a22003011 4500 | ||
|---|---|---|---|
| 001 | v19\rc\1694242 | ||
| 005 | 20260405215746.0 | ||
| 035 | _a(NLR Aleph) 004797420 | ||
| 090 |
_a4793243 _c4793243 |
||
| 100 | _a20061002e18971897|||y0rusy50 ca | ||
| 101 | 0 | _arus | |
| 102 | _aRU | ||
| 105 | _ay z ||||| | ||
| 200 | 1 |
_aЭлектролиз β-метилглицидной и β-метилглицериновой кислот _f[Соч.] Л. Писаржевского _aТермохимические исследования некоторых органических кислот _f[Соч.] Л. Писаржевского |
|
| 210 |
_aСанкт-Петербург _cтип. В. Демакова _d[1897] |
||
| 215 |
_a7 с. _d24 |
||
| 309 | _aБез тит. л. и обл. | ||
| 311 | _aОтт. из "Журн. Рус. физ.-хим. о-ва". 1897, т. 29, с. 338-344 | ||
| 488 | 0 |
_12001#$aЖурнал Русского физико-химического общества$v1897, т. 29 _1215##$aС. 338-344 _tЖурнал Русского физико-химического общества |
|
| 700 | 1 |
_7ca _8rus _aПисаржевский _bЛ. В. _f1874-1938 _gЛев Владимирович _981169 _3RU\NLR\AUTH\7798243 |
|
| 801 | 0 |
_aRU _bNLR _gpsbo |
|
| 801 | 0 |
_aRU _bRuMoRGB _2psbo |
|
| 801 | 1 |
_aRU _bProSoft-M _2rusmarc |
|
| 852 |
_aNLR _j18.268.4.489 |
||
| 899 |
_aRuMoRGB _jA 168/183 |
||
| 899 | _aБАН | ||
| 942 | _cBOOK | ||
| 980 | _aNB | ||